R. Gupta's popular master guide polytechnics common entrance test for admission to full time diploma programmes in polytechnics for test no. 1,4 & 5 (Record no. 2058)
[ view plain ]
| 000 -LEADER | |
|---|---|
| fixed length control field | 00722 a2200169 4500 |
| 020 ## - INTERNATIONAL STANDARD BOOK NUMBER | |
| Terms of availability | 235.00 |
| 035 ## - SYSTEM CONTROL NUMBER | |
| System control number | B-210785 |
| 037 ## - SOURCE OF ACQUISITION | |
| Source of stock number/acquisition | RP-WAZIR-NIL / PANSY-07-08:3 / RP-07-08:ENG |
| 082 14 - DEWEY DECIMAL CLASSIFICATION NUMBER | |
| Classification number | 000 |
| 090 ## - LOCALLY ASSIGNED LC-TYPE CALL NUMBER (OCLC); LOCAL CALL NUMBER (OCLC) | |
| -- | 2095 |
| -- | 2095 |
| 245 1# - TITLE STATEMENT | |
| Title | R. Gupta's popular master guide polytechnics common entrance test for admission to full time diploma programmes in polytechnics for test no. 1,4 & 5 |
| 260 ## - PUBLICATION, DISTRIBUTION, ETC. (IMPRINT) | |
| Place of publication, distribution, etc | New Delhi |
| Name of publisher, distributor, etc | Delhi |
| Date of publication, distribution, etc | Ramesh Publishing House |
| 270 ## - ADDRESS | |
| Address | 12-H, New Daryaganj Raod, Opp. Traffic Kotwali |
| City | New Delhi |
| State or province | Delhi |
| Postal code | 110002 |
| Telephone number | 23261567 |
| Fax number | 23275124 |
| 300 ## - PHYSICAL DESCRIPTION | |
| Extent | Various pagings |
| Dimensions | 24 cm (pbk) |
| 942 ## - ADDED ENTRY ELEMENTS (KOHA) | |
| Institution code [OBSOLETE] | dpl |
| Koha item type | English Books |
| Call number prefix | 000 / RGU |
| Withdrawn status | Lost status | Source of classification or shelving scheme | Damaged status | Not for loan | Collection code | Home library | Current library | Cost, normal purchase price | Total Checkouts | Full call number | Barcode | Date last seen | Copy number | Uniform Resource Identifier | Cost, replacement price | Price effective from | Koha item type |
|---|---|---|---|---|---|---|---|---|---|---|---|---|---|---|---|---|---|
| Dewey Decimal Classification | Non-fiction | Karol Bagh | Karol Bagh | 235.00 | 000 | B-210785 | 15/09/2008 | 1 | 2176 | 235.00 | 15/09/2008 | English Books |
